00000000nam##2200000za#4500
0019.666961
003CaOODSP
00520210615123213
007ta
008150407|2005||||xxc|||||     f|0| 0 eng|d
020 |a0-662-69374-4
040 |aCaOODSP|beng
041 |aeng
041 |afre
043 |an-cn---
0861 |aH21-202/1-2005
1101 |aCanada. |bHealth Canada.
24514|aThe regulation of GM food
260 |aOttawa - Ontario : |bHealth Canada |c[2005].
300 |a1 folded sheet (English text, [3p.]) : |bcoloured illus. ; |c28 cm.
563 |aPamphlet
590 |a07-10|b2007-03-09
69007|aFood|2gcpds
69007|aGenetic engineering|2gcpds
792 |tRéglementation des aliments génétiquement modifiés |efre|w(CaOODSP)9.666962